000 01830nam a2200541 i 4500
001 46736
003 KOSZ 005
005 20200219084814.0
008 050628s2005 pl a |000 0 pol
015 _aPB 2005/21079
020 _a8373351892
035 _a991027405909705066
035 _a(PL-WaBN)b17431931-48omnis_nlop
035 _ab17431931
035 _a(OCoLC)749661209
035 _a(PL)b0000001743193
035 _a(EXLNZ-48OMNIS_NETWORK)9910398217905606
040 _aWA N
_cWA N
_dKOSZ 005/HR
041 0 _apol
046 _k2005
080 _a519.876.5
080 _a517.9
080 _a004.424
080 _a(075.8)
245 0 0 _aZadania z modelowania cyfrowego :
_bpraca zbiorowa /
_cpod red. Marcina Skowronka ; oprac. Dariusz R. Augustyn [et al.].
260 _aGliwice :
_bWydawnictwo Politechniki Śląskiej,
_c2005.
300 _a263, [1] s. :
_brys., wykr. ;
_c24 cm.
336 _2rdacontent
_aTekst
_btxt
337 _2rdamedia
_aBez urządzenia pośredniczącego
_bn
338 _2rdacarrier
_aWolumin
_bnc
380 _aKsiążki
380 _aPublikacje dydaktyczne
385 _mPoziom nauczania
_aSzkoły wyzsze
388 _a2001-
504 _aBibliogr. s. 262-263.
650 7 _aProgramowanie (informatyka)
_2DBN
650 7 _aSymulacja
_2DBN
650 7 _aUkład dynamiczny
_2DBN
655 7 _aPodręczniki akademickie
_2DBN
658 _aInformatyka i technologie informacyjne
658 _aMatematyka
700 1 _aAugustyn, Dariusz R.
_eOpracowanie
700 1 _aSkowronek, Marcin
_eRedakcja
710 2 _aWydawnictwo Politechniki Śląskiej
_4pbl
856 _uhttp://koha.tu.koszalin.pl/cgi-bin/koha/opac-detail.pl?biblionumber=46738
_yKatalog online BPK
942 _2UKD
_cKS
999 _c46738
_d46738